000 01034nac a22003135i 4500
003 EG-ScBUE
005 20250812090607.0
008 171225t2004 njua f d 001 0 eng d
020 _a0131407481
020 _a9780131407480
040 _aEG-ScBUE
_beng
_erda
_cEG-ScBUE
_dEG-ScBUE
082 0 4 _a547
_bBRU
_222
100 1 _aBruice, Paula Yurkanis,
_934897
_d1941-
_eauthor.
245 1 0 _aOrganic chemistry /
_cPaula Yurkanis Bruice, University of California, Santa Barbara.
250 _aFourth edition.
264 1 _aUpper Saddle River, New Jersey :
_bPearson/Prentice Hall,
_c[2004]
264 4 _cc2004
300 _a1 volume (various pagings) :
_billustrations ;
_c28 cm
336 _2rdacontent
_atext
_btxt
337 _aunmediated
_2rdamedia
_bn
338 _avolume
_bnc
_2rdacarrier
500 _aIncludes index.
500 _aIncludes glossary.
500 _aIncludes Appendices.
650 7 _aChemistry, Organic.
_2BUEsh
_96234
653 _bGGEN
_bENGCHE
_cDecember2017
655 _vReading book
942 _cBB
_2ddc
999 _c5295
_d5295